000 00491nam a2200181Ia 4500
003 GCL
008 140319s9999 xx 000 0 ara d
040 _aGCL /
_cGCL
082 0 4 _a709.1
_bس ر
100 1 _aسعيد صلاح
245 1 0 _aروائع الفن الاسلامى /
_cسعيد صلاح
260 _a[S.N] :
_bالمؤلف IPA
490 _a
650 0 4 _aالفن
650 0 4 _aالحضارة الاسلامية
650 0 4 _aالفن الاسلامى
942 _2ddc
_cBK
999 _c35651
_d35651